Normal view
MARC view
- Bayin, S.Selcuk
Entry Personal Name
001 - CONTROL NUMBER
- control field: 61344
003 - CONTROL NUMBER IDENTIFIER
- control field: NUST
005 - DATE AND TIME OF LATEST TRANSACTION
- control field: 20210628202733.0
008 - FIXED-LENGTH DATA ELEMENTS
- fixed length control field: 210628|| aca||aabn | a|a d
040 ## - CATALOGING SOURCE
- Original cataloging agency: NUST
- Transcribing agency: NUST
100 ## - HEADING--PERSONAL NAME
- Personal name: Bayin, S.Selcuk
670 ## - SOURCE DATA FOUND
- Source citation: Work cat.: (NUST): Bayin, S.Selcuk, Mathematical methods in science and engineering, 2006
